00217nam a2200097Ia 4500008004100000100000900041245003600050260000900086942000700095999001700102190216s9999||||xx |||||||||||||| ||und|| aNull 0aHindi-Ajay Ki Upanyasik Kaviyam bNull cBK c17039d17039